000 01153nam a2200289 a 4500
999 _c613
_d613
003 AR-BaISA
005 20190625152304.0
007 ta
008 061205s2007 sp ad ||1 ||spa d
020 _a8471015277
020 _a9788471015273
040 _cAR-BaISA
082 0 4 _222
_a616.706 82 K333
245 1 0 _aKendall's, Músculos
_h[Texto impreso]:
_bpruebas funcionales, postura y dolor /
_cFlorence Peterson Kendall...[et al.]
250 _a5ª ed.
260 _aMadrid:
_bMarbán,
_c2007
300 _aXIII, [520] p.:
_bil., graf.;
_c27 cm.
504 _aBibliografía al final de cada capítulo
504 _aÍndice analítico al final del libro con numeración distinta p: I1-I36
505 _tConceptos fundamentales --
_tPostura --
_tCabeza y cara --
_tCuello --
_tTronco y músculos respiratorios --
_tExtremidad superior y cintura escapular --
_tExtremidad inferior
650 1 4 _aMúsculos
_xpruebas funcionales
_91293
650 1 4 _aAparato locomotor
_xenfermedades
_9880
650 1 4 _aFisioterapia
_91206
650 1 4 _aSistema musculoesquelético
_91490
700 1 _aKendall, Florence Peterson
_91488
_eaut.
942 _2ddc
_cLI